DDLC+ OST - Statistics

General Stats
  • This quiz has been taken 6 times
  • The average score is 37 of 59
Answer Stats
Hint Answer % Correct
Bonus song by Kaelar Doki Doki!
100%
Plays during the last time Sayori is seen alive during Act 1 My Confession
100%
Credits song Your Reality
100%
Variant of the poem mini game song played after clicking a glitched word Abrupt Awaking/Dreams of Love and Literature (Variant 1)
67%
Bonus DDLC+ song featuring Jason Hayes Candy Hearts
67%
Corrupted version of the prior song Candy Heartz (Version 1)
67%
Second version of the corrupted song Candy Heartz (Version 2)
67%
Plays outside of school Daijoubu!
67%
Early version of the prior Daijoubu! (Early Sketch)
67%
Main menu music for Act 1 and 4 Doki Doki Literature Club!
67%
Variant of the menu theme that plays when first entering the literature club in Act 1 Doki Doki Literature Club! (Variant 1)
67%
Played during the poem mini game during Act 3 Dreams of Ghosts and Monika/Dreams of Love and Literature (Variant 2)
67%
Plays during the poem minigame Dreams of Love and Literature
67%
8-Bit version Dreams of Love and Literature (8-Bit Version)
67%
Early version of the prior Dreams of Love and Literature (Early Sketch)
67%
Plays during more deep, sad, or uncertain times in the side-stories Dusk
67%
Played during Act 2's weekend Have a Nice Weekend!/Play With Me (Variant 4)
67%
Plays following Monika's deletion I Still Love You
67%
Main song of Act 3 Just Monika
67%
Variant of the menu music that plays during the red vein event Konbanwa Sayori!/Doki Doki Literature Club! (Variant 3)
67%
Variant of the menu music with wrong notes played during Act 2 Kowareta Literature Club!/Doki Doki Literature Club! (Variant 2)
67%
Yuri's side-story theme Lavender Mist
67%
Plays during important moments of Act 1 My Feelings
67%
Who cares about that obnoxious brat My Sanity/My Feelings (Variant)
67%
Monika's side-story theme My Song, Your Note
67%
Version of Monika's side-story theme played during Respect My Song, Your Note (Piano)
67%
Act 2 Variant of the first song after the menu music Ohayou Monika!/Ohayou Sayori! (Variant)
67%
First song of the game proper Ohayou Sayori!
67%
Version of the prior from 2010 Ohayou Sayori! (2010 Version)
67%
Plays during the poem-sharing section of the game Okay, Everyone!
67%
Played during Natsuki's "Play With Me" scene Okay, Everyone! (Ghost)/Okay, Everyone! (Variant 1)
67%
Version played while sharing with Monika Okay, Everyone! (Monika)
67%
Version played while sharing with Natsuki Okay, Everyone! (Natsuki)
67%
Played during Yuri's third poem of Act 2 Okay, Everyone! (Obsessed)/Okay, Everyone! (Variant 2)
67%
Version of the prior played while sharing with Sayori Okay, Everyone! (Sayori)
67%
Version played while sharing with Yuri Okay, Everyone! (Yuri)
67%
Plays during the CG sections of Act 1 Play With Me
67%
Plays during Natsuki's collapse on Day 2 and during Yuri's no pupils scene Play With Me (Distorted)/Play With Me (Variant 1)
67%
Muffled variant played while searching for Yuri in the halls Play With Me (Outside)/Play With Me (Variant 2)
67%
Played after Yuri is discovered and the scene is reversed Play With Me (Reversed)/Play With Me (Variant 3)
67%
Plays during the fight between Natsuki and Yuri in Act 1 Poem Panic!
67%
Bonus song by shoji Poems Are Forever
67%
Played during Act 2's Natsuki and Yuri fight Poem Terror!/Poem Panic (Variant)
67%
Last song of Act 1 Sayo-nara
67%
Promo for the game Trailer!
67%
Found in files and are unused (I think?) Unnamed Track 1
67%
Found in files and are unused (I think?) Unnamed Track 2
67%
Found in files and are unused (I think?) Unnamed Track 3
67%
Credits song without vocals Your Reality (No Vocals)
67%
Variant of Act 1's Sayori confession song Yuri's Confession/My Confession (Variant)
67%
Bonus DDLC+ song featuring Azuria Sky Dear Sunshine
33%
Plays if the player deletes Monika or Sayori in Act 1 Everyone Can Be Happy
33%
Plays solely during the side-story "Trust" Hug Energy
33%
Plays throughout parts of the second half of the side-stories Just a Little Bit
33%
Plays throughout various points in the side-stories Let's Teamwork!
33%
Sayori's side-story theme Peachy Pie
33%
Plays during moments of character development in the side-stories Piece by Piece
33%
Pulls from from various tracks Stories of Friendship and Literature
33%
Natsuki's side-story theme Strawberry Peppermint
33%
No matching quizzes found
Score Distribution
Percent of People with Each Score
Percentile by Number Answered
Your Score History
You have not taken this quiz